| 000 | 004670000a22001810004500 | ||
|---|---|---|---|
| 003 | LK-CoMWRAF | ||
| 008 | 230817t ||||| |||| 00| 0 eng d | ||
| 020 | _a1571200878 | ||
| 040 |
_aLK-CoMWRAF _dLK-CoMWRAF _eLK-CoMWRAF |
||
| 041 | _aeng | ||
| 082 |
_a800 _bARM |
||
| 100 | _aArmstrong, Carol | ||
| 245 |
_aWild Birds _bDesigns for Applique & Quilting |
||
| 260 |
_bC & T Publishing _aU.S.A. _c2000 |
||
| 300 | _ap.80 | ||
| 650 | _aTraining Materials | ||
| 942 | _cBK | ||
| 999 |
_c1304 _d1304 |
||